000 00489nam a2200181Ia 4500
003 OSt
005 20250117162034.0
008 210210b1950 xxu||||| |||| 00| 0 eng d
040 _cAL
041 _akan
082 _a859/60
100 _aKRASHNARAYA (A N)
_9147972
_dಕೃಷ್ಣರಾಯ (ಅ ನ ಕೃ).
245 _aTayiya karulu:
_bತಾಯಿಯ ಕರುಳು
260 _aBengaluru
_b-
_c1950
690 _aKannada Fiction
_9147973
906 _a020844
942 _2ddc
_cBK
999 _c145002
_d145002